00435nam a22001577a 450000500170000001000150001702000260003203500140005803700130007208200060008510000180009124500360010926000430014527000660018830000230025420191122102407.0 aENG-126967 a9788194318002c220.00 aEN-110499 bDBAD/PUB aN aPal, Dibyendu aA confession /cby Dibyendu Pal a DelhibOrangebooks Publicationsc2019 aVishvidyalaya Marg, Civil Lines, Delhi NCRbNew Delhie110054 ax;116p.c19cm(pbk)